Johannes-Apokalypse
Збережено в:
| Автор: | |
|---|---|
| Формат: | Книга |
| Мова: | Німецька |
| Опубліковано: |
Stuttgart
Katholisches Bibelwerk
1992
|
| Редагування: | 3a. ed |
| Серія: | Stuttgarter Kleiner Kommentar: Neues Testament, 18
|
| Предмети: | |
| Теги: |
Додати тег
Немає тегів, Будьте першим, хто поставить тег для цього запису!
|
MARC
| LEADER | 00000cam a2200000 a 4500 | ||
|---|---|---|---|
| 001 | UCE8181 | ||
| 003 | CL-VaPUC | ||
| 008 | 150728e19920000gw |||||||||||||||||ger|d | ||
| 020 | |a 3460154810 | ||
| 082 | 0 | 4 | |a 231.74 |b GIE |2 21 |
| 100 | 0 | |a Giesen, Heinz |e author |9 580915 | |
| 245 | 1 | 0 | |a Johannes-Apokalypse |
| 250 | |a 3a. ed | ||
| 300 | |a 192 p | ||
| 942 | |c BK | ||
| 945 | |d 20150728 02:04:00 |a gsalatino | ||
| 260 | |a Stuttgart |b Katholisches Bibelwerk |c 1992 | ||
| 600 | 0 | 7 | |a BIBLIA |2 CL-VaPUC |9 399806 |
| 650 | 7 | |a REVELACIONES |2 CL-VaPUC |9 399206 | |
| 583 | |a last modification |c 20150728 02:04:00 |k Rodrigo Vera | ||
| 490 | 0 | |a Stuttgarter Kleiner Kommentar: Neues Testament, 18 | |
| 999 | |c 360120 |d 360118 | ||
| 952 | |0 0 |1 0 |3 erb |4 0 |6 231_740000000000000_GIE_1992 |7 0 |8 A |9 469762 |a BIBTEO |b BIBTEO |e Casale Rolle, Carlos Ignacio, -2014 |i 5181461 |o 231.74 GIE 1992 |p 5181461 |r 2025-01-17 |w 2019-11-23 |y BK |z Catalogado en:20150728 |k ICR | ||